Największe polskie miasta zawierające literę B - Statystyki

Ogólne statystyki
  • Ten quiz został rozwiązany 47 razy
  • Średni wynik to 11 z 15
Statystyki odpowiedzi
Województwo Populacja Miasto % Poprawnych
Podlaskie 292 058 Białystok
98%
Kujawsko-pomorskie 328 370 Bydgoszcz
98%
Lubelskie 330 447 Lublin
96%
Śląskie 166 189 Bielsko-Biała
87%
Śląskie 148 687 Bytom
87%
Dolnośląskie 68 016 Lubin
80%
Śląskie 154 642 Zabrze
73%
Łódzkie 66 901 Piotrków Trybunalski
71%
Dolnośląskie 101 082 Wałbrzych
71%
Warmińsko-mazurskie 113 195 Elbląg
69%
Śląskie 131 323 Rybnik
69%
Śląskie 114 148 Dąbrowa Górnicza
67%
Lubelskie 54 581 Biała Podlaska
60%
Łódzkie 60 929 Pabianice
58%
Śląskie 82 788 Jastrzębie-Zdrój
49%
Nie znaleziono quizów pasujących do podanych kryteriów
Rozkład punktacji
Procent ludzi z każdym wynikiem
Percentyl według liczby udzielonych odpowiedzi
Twoja historia wyników
Nie rozwiązałeś tego quizu